Statistics for Movies by Kevin Smith in the View Askewniverse

Click here to take the quiz!

General Stats

  • This quiz has been taken 25 times
    (6 since last reset)
  • The average score is 5 of 9

Answer Stats

YearMovie% Correct
1994Clerks
83%
1999Dogma
83%
2006Clerks II
67%
2001Jay and Silent Bob Strike Back
67%
1997Chasing Amy
50%
2022Clerks III
50%
1995Mallrats
50%
2013Jay & Silent Bob's Super Groovy Cartoon Movie
33%
2019Jay and Silent Bob Reboot
33%

Score Distribution

Percentile by Number Answered

Percent of People with Each Score

Your Score History

You have not taken this quiz since the last reset